000 00528nam a22002057a 4500
001 sjds
003 sjds
005 20251119114226.0
008 251119b |||||||| |||| 00| 0 eng d
020 _a9781335640604
020 _a1335640606
040 _csjds
041 _aeng
100 _aEricson, Carol
245 _aDelta Force die hard /
_cCarol Ericson
260 _a Toronto, Ontario :
_b Harlequin Enterprises Limited,
_c2018
300 _a283 pages ;
_c 17 cm
440 _aHarlequin intrigue,
_n 1830
942 _cBK
999 _c31198
_d31196